[Event "POR-ch U18"]
[Site "Luso"]
[Date "2017.04.09"]
[Round "3"]
[White "Martins, Goncalo Faria Olive"]
[Black "Passeiro, Diogo Miguel V"]
[Result "0-1"]
[WhiteElo "1530"]
[BlackElo "1899"]
[PlyCount "106"]
[EventDate "2017.04.08"]
[EventType "swiss"]
[EventRounds "7"]
[EventCountry "POR"]
[SourceTitle "EXT 2018"]
[Source "ChessBase"]
[SourceDate "2017.10.13"]
[SourceVersion "1"]
[SourceVersionDate "2017.10.13"]
[SourceQuality "1"]

1. e4 c5 2. Nf3 e6 3. d4 cxd4 4. Nxd4 Nc6 5. Nxc6 bxc6 6. Nc3 d5 7. e5 Ne7 8. Bd3 Qc7 9. f4 a5 10. Be3 Ba6 11. Bc5 Bxd3 12. cxd3 Ng6 13. Bxf8 Nxf8 14. Na4 Nd7 15. 0-0 0-0 16. d4 Rab8 17. b3 Qa7 18. a3 Rfc8 19. Rc1 Rc7 20. Nc5 Nxc5 21. Rxc5 Rb5 22. Qc2 Rxc5 23. dxc5 Rb7 24. Rf3 Rb5 25. Rc3 Qb8 26. Qd3 h6 27. g3 Qa7 28. Qd4 Qe7 29. Kf2 f6 30. Kg2 fxe5 31. fxe5 Qf8 32. g4 Qb8 33. Qe3 Qd8 34. Qd4 Qg5 35. Kg3 h5 36. h3 Qg6 37. Re3 hxg4 38. hxg4 Qc2 39. b4 axb4 40. axb4 Qa4 41. Re4 Qa3+ 42. Kh4 Qc1 43. Rf4 Qe1+ 44. Kh3 g5 45. Rf6 Rxb4 46. Qd3 Qh4+ 47. Kg2 Rxg4+ 48. Kf1 Rf4+ 49. Ke2 Qf2+ 50. Kd1 Rxf6 51. exf6 Qxf6 52. Ke2 g4 53. Qg3 Qf3+ 0-1

[Event "Lisbon Portugal rapid op"]
[Site "Lisbon"]
[Date "2017.02.11"]
[Round "6"]
[White "Ferreira, Victor Manuel"]
[Black "Passeiro, Diogo Miguel V"]
[Result "1-0"]
[WhiteElo "1960"]
[BlackElo "1894"]
[PlyCount "91"]
[EventDate "2017.02.11"]
[EventType "swiss (rapid)"]
[EventRounds "8"]
[EventCountry "POR"]
[SourceTitle "CBM 176 Extra"]
[Source "ChessBase"]
[SourceDate "2017.03.02"]
[SourceVersion "1"]
[SourceVersionDate "2017.03.02"]
[SourceQuality "1"]

1. e4 c5 2. d4 cxd4 3. c3 Nf6 4. e5 Nd5 5. cxd4 e6 6. Bc4 d6 7. Nf3 Nc6 8. 0-0 Be7 9. Bxd5 exd5 10. Nc3 dxe5 11. dxe5 Be6 12. Bf4 a6 13. Qe2 0-0 14. Rfd1 Qa5 15. a3 Rfd8 16. b4 Qc7 17. Rac1 Rac8 18. Na4 h6 19. Be3 Qb8 20. Bb6 Rd7 21. Nc5 Bxc5 22. Rxc5 Ne7 23. Rdc1 Rc6 24. Rxc6 Nxc6 25. Bc5 Qd8 26. a4 Bg4 27. Re1 d4 28. Qd3 Bxf3 29. Qxf3 d3 30. Bd6 d2 31. Rd1 Qg5 32. Qe3 Qf5 33. g3 Qc2 34. Rxd2 Qxa4 35. Qc3 Qb5 36. f4 g6 37. Qb3 Nd8 38. Rc2 Ne6 39. Qc4 Qb6+ 40. Kg2 Rd8 41. g4 Qe3 42. Rf2 Kg7 43. Be7 Rd7 44. Bf6+ Kh7 45. h4 Ng7 46. Bxg7 1-0

[Event "Lisbon Portugal op"]
[Site "Lisbon"]
[Date "2017.02.10"]
[Round "9"]
[White "Passeiro, Diogo Miguel V"]
[Black "Can, Isil"]
[Result "1-0"]
[WhiteElo "1894"]
[BlackElo "1749"]
[PlyCount "113"]
[EventDate "2017.02.04"]
[EventType "swiss"]
[EventRounds "9"]
[EventCountry "POR"]
[SourceTitle "CBM 176 Extra"]
[Source "ChessBase"]
[SourceDate "2017.03.02"]
[SourceVersion "1"]
[SourceVersionDate "2017.03.02"]
[SourceQuality "1"]

1. e4 e5 2. Nf3 Nc6 3. d4 exd4 4. Bc4 Nf6 5. e5 d5 6. Bb5 Ne4 7. Nxd4 Bd7 8. Bxc6 bxc6 9. 0-0 Bc5 10. Be3 0-0 11. f3 Ng5 12. f4 Ne6 13. f5 Nxd4 14. Bxd4 Bxd4+ 15. Qxd4 Qg5 16. Qd2 Qe7 17. f6 Qxe5 18. fxg7 Qxg7 19. Nc3 Rab8 20. Rf3 Kh8 21. Rg3 Qe5 22. Re1 Qd6 23. b3 Rg8 24. Qd4+ f6 25. Qxa7 Rbe8 26. Rxg8+ Rxg8 27. Qf2 Bh3 28. g3 Rf8 29. Ne2 c5 30. Nf4 Bf5 31. Nd3 Bxd3 32. cxd3 d4 33. Re4 f5 34. Rf4 Qe5 35. g4 Rg8 36. Rxf5 Rxg4+ 37. Kh1 Qd6 38. Rf8+ Kg7 39. Rf5 Qc6+ 40. Qf3 Qxf3+ 41. Rxf3 Rg5 42. Rg3 Rxg3 43. hxg3 Kf6 44. Kg2 Ke5 45. Kf3 Kd5 46. Kf4 Kc6 47. g4 Kb5 48. a3 c6 49. Kg5 c4 50. bxc4+ Ka4 51. Kh6 Kb3 52. Kxh7 Kc3 53. g5 Kxd3 54. g6 Kxc4 55. g7 Kb3 56. g8Q+ Kxa3 57. Qc4 1-0

[Event "Lisbon Portugal op"]
[Site "Lisbon"]
[Date "2017.02.08"]
[Round "7"]
[White "Dias, Ricardo Pedro Cruz"]
[Black "Passeiro, Diogo Miguel V"]
[Result "1-0"]
[WhiteElo "2119"]
[BlackElo "1894"]
[PlyCount "45"]
[EventDate "2017.02.04"]
[EventType "swiss"]
[EventRounds "9"]
[EventCountry "POR"]
[SourceTitle "CBM 176 Extra"]
[Source "ChessBase"]
[SourceDate "2017.03.02"]
[SourceVersion "1"]
[SourceVersionDate "2017.03.02"]
[SourceQuality "1"]

1. e4 c5 2. Nf3 e6 3. d4 cxd4 4. Nxd4 Nc6 5. Nc3 d6 6. Be3 Nf6 7. Bc4 a6 8. Bb3 Be7 9. Qe2 Qc7 10. 0-0-0 0-0 11. Rhg1 Nxd4 12. Bxd4 b5 13. g4 Nd7 14. g5 Re8 15. Qh5 g6 16. Qh6 Bf8 17. Qh4 b4 18. Nd5 exd5 19. Bxd5 Ne5 20. Bxe5 Rb8 21. Bf6 Bb7 22. Rg3 Bxd5 23. Qxh7+ 1-0

[Event "Lisbon Portugal op"]
[Site "Lisbon"]
[Date "2017.02.06"]
[Round "5"]
[White "Pires, Emanuel Joao Robart"]
[Black "Passeiro, Diogo Miguel V"]
[Result "1/2-1/2"]
[WhiteElo "2128"]
[BlackElo "1894"]
[PlyCount "126"]
[EventDate "2017.02.04"]
[EventType "swiss"]
[EventRounds "9"]
[EventCountry "POR"]
[SourceTitle "CBM 176 Extra"]
[Source "ChessBase"]
[SourceDate "2017.03.02"]
[SourceVersion "1"]
[SourceVersionDate "2017.03.02"]
[SourceQuality "1"]

1. e4 c5 2. d4 cxd4 3. c3 Nf6 4. e5 Nd5 5. Nf3 e6 6. cxd4 b6 7. Bd3 Bb7 8. 0-0 d6 9. Nc3 Nxc3 10. bxc3 Qc7 11. Qe2 Nd7 12. Bf4 Rc8 13. Rac1 Be7 14. c4 Bxf3 15. Qxf3 dxe5 16. dxe5 Nc5 17. Bb1 0-0 18. Rc3 g6 19. Bc2 Rfd8 20. Qe2 Rd4 21. Bc1 Nd7 22. Bb3 Qxe5 23. Re3 Qd6 24. Re1 Nc5 25. Bc2 Bg5 26. Ra3 Bxc1 27. Rxc1 Rd2 28. Qe1 a5 29. Rc3 Rd8 30. h3 Qd4 31. Rf3 Na6 32. Bb3 Nc5 33. Bc2 Qb2 34. Bb3 a4 35. Rb1 Qd4 36. Kh2 axb3 37. axb3 Rd1 38. Rxd1 Qxd1 39. Qb4 Qd6+ 40. g3 Ne4 41. Qb5 Qc5 42. Qa6 Nxf2 43. Qb7 Rf8 44. b4 Qd4 45. Rf4 Qe3 46. Qg2 Nd1 47. Rf3 Qd4 48. Qe2 Qb2 49. Qxb2 Nxb2 50. c5 bxc5 51. Rb3 Na4 52. Ra3 Nb6 53. bxc5 Nd5 54. Ra2 Rc8 55. Rc2 Kf8 56. g4 f5 57. Kg3 Ke7 58. Kh4 Kf6 59. c6 Nb4 60. Rc5 Nxc6 61. Rc4 Ne7 62. Rc3 Rxc3 63. g5+ Kg7 1/2-1/2

[Event "POR-ch U16"]
[Site "Luso"]
[Date "2016.07.24"]
[Round "7"]
[White "Passeiro, Diogo Miguel V"]
[Black "Jorge, Rita Maria Osorio"]
[Result "1-0"]
[WhiteElo "1798"]
[BlackElo "1830"]
[PlyCount "113"]
[EventDate "2016.07.20"]
[EventType "swiss"]
[EventRounds "7"]
[EventCountry "POR"]
[SourceTitle "EXT 2018"]
[Source "ChessBase"]
[SourceDate "2017.10.13"]
[SourceVersion "1"]
[SourceVersionDate "2017.10.13"]
[SourceQuality "1"]

1. e4 c5 2. c3 d5 3. exd5 Qxd5 4. d4 Nc6 5. Nf3 Bf5 6. Be3 cxd4 7. Nxd4 Nf6 8. Nxf5 Qxf5 9. Be2 Nd5 10. Bf3 Nxe3 11. fxe3 Qc5 12. Qe2 e5 13. b4 Qb6 14. Nd2 Rd8 15. Nc4 Qc7 16. 0-0 Be7 17. Bxc6+ bxc6 18. Qh5 Bf6 19. Qg4 Qd7 20. Qf3 0-0 21. Rfd1 Qe6 22. Qe4 Rd5 23. Na5 Rfd8 24. Rdc1 Qd7 25. c4 Rd6 26. c5 Rd5 27. Nc4 g6 28. Rf1 Bg7 29. g4 Qe6 30. Nd6 Rd7 31. a4 a5 32. Rac1 axb4 33. Qxb4 Bf8 34. Ne4 Qxg4+ 35. Kh1 Qh3 36. Nf6+ Kg7 37. Nxd7 Rxd7 38. Qb3 Bxc5 39. Rce1 f6 40. Qc3 Bd4 41. Qc1 Bb6 42. Qxc6 Bxe3 43. Qxf6+ Kh6 44. Qxe5 Bd2 45. Rd1 Bg5 46. Qg3 Qe6 47. Rde1 Qc6+ 48. Qg2 Qxa4 49. Re5 Bf6 50. Rxf6 Qa1+ 51. Rf1 Qxe5 52. Qh3+ Kg7 53. Qxd7+ Kh6 54. Qd2+ Kg7 55. Qf2 Qd5+ 56. Qf3 Qe6 57. Qf8# 1-0

[Event "Portugal op"]
[Site "Oeiras"]
[Date "2015.09.04"]
[Round "8"]
[White "Bray, Daniel Jose Freire"]
[Black "Passeiro, Diogo Miguel V"]
[Result "1-0"]
[WhiteElo "2156"]
[BlackElo "1664"]
[PlyCount "57"]
[EventDate "2015.08.30"]
[EventType "swiss"]
[EventRounds "9"]
[EventCountry "POR"]
[SourceTitle "EXT 2016"]
[Source "ChessBase"]
[SourceDate "2015.10.08"]
[SourceVersion "1"]
[SourceVersionDate "2015.10.08"]
[SourceQuality "1"]

1. d4 Nf6 2. c4 c5 3. d5 b5 4. cxb5 a6 5. Nc3 axb5 6. e4 b4 7. Nb5 d6 8. Bf4 Nbd7 9. Nf3 Ba6 10. e5 Nxe5 11. Nxe5 dxe5 12. Bxe5 Bxb5 13. Bxb5+ Nd7 14. 0-0 Ra5 15. Bc6 Ra6 16. Qe2 Qc8 17. Rac1 Rxc6 18. dxc6 Qxc6 19. Rfd1 f6 20. Bd6 e5 21. Bxf8 Kxf8 22. Qg4 f5 23. Qxf5+ Ke7 24. Qg5+ Qf6 25. Qg4 Rd8 26. Rd5 g6 27. Rcd1 Qc6 28. Qh4+ Ke8 29. Rd6 1-0

[Event "Portugal op"]
[Site "Oeiras"]
[Date "2015.08.31"]
[Round "3"]
[White "Passeiro, Diogo Miguel V"]
[Black "Garcia, Antonio Manuel Cost"]
[Result "0-1"]
[WhiteElo "1664"]
[BlackElo "1957"]
[PlyCount "112"]
[EventDate "2015.08.30"]
[EventType "swiss"]
[EventRounds "9"]
[EventCountry "POR"]
[SourceTitle "EXT 2016"]
[Source "ChessBase"]
[SourceDate "2015.10.08"]
[SourceVersion "1"]
[SourceVersionDate "2015.10.08"]
[SourceQuality "1"]

1. e4 c5 2. c3 Nf6 3. e5 Nd5 4. d4 cxd4 5. cxd4 e6 6. Nc3 Nxc3 7. bxc3 d6 8. exd6 Bxd6 9. Nf3 Nc6 10. Bd3 Qc7 11. Qe2 Ne7 12. c4 Ng6 13. 0-0 0-0 14. h3 b6 15. Ng5 Bf4 16. Qh5 Bxg5 17. Bxg5 Bb7 18. Rac1 Qc6 19. f3 Qd6 20. Bxg6 Qxd4+ 21. Kh1 hxg6 22. Qh4 Qxh4 23. Bxh4 Ba6 24. Rfd1 Rfc8 25. Bf2 Rxc4 26. Rxc4 Bxc4 27. Rd4 b5 28. a3 Bd5 29. a4 a6 30. a5 Rc8 31. Rb4 Rc1+ 32. Kh2 Rc2 33. Kg3 Ra2 34. Bb6 Bc4 35. Rb1 Kf8 36. Rd1 Bd5 37. Rc1 Bc4 38. Rd1 Ke8 39. Rd8+ Ke7 40. Rd1 e5 41. h4 Ke6 42. Rb1 Ra3 43. Kf2 Ra2+ 44. Kg3 Rc2 45. Kh3 Bd5 46. Rb4 f5 47. Ba7 Ra2 48. Bb6 e4 49. fxe4 Bxe4 50. g4 Ra3+ 51. Kh2 Rd3 52. g5 Rd1 53. Kg3 Ra1 54. Kf4 Ra3 55. Rxe4+ fxe4 56. Kxe4 Ra4+ 0-1

[Event "POR-ch U16"]
[Site "Luso"]
[Date "2015.07.25"]
[Round "6"]
[White "Bastos, Ana Raquel da Costa"]
[Black "Passeiro, Diogo Miguel V"]
[Result "1/2-1/2"]
[WhiteElo "1685"]
[BlackElo "1568"]
[PlyCount "53"]
[EventDate "2015.07.22"]
[EventType "swiss"]
[EventRounds "7"]
[EventCountry "POR"]
[SourceTitle "EXT 2018"]
[Source "ChessBase"]
[SourceDate "2017.10.13"]
[SourceVersion "1"]
[SourceVersionDate "2017.10.13"]
[SourceQuality "1"]

1. e4 c5 2. Nf3 e6 3. d4 cxd4 4. Nxd4 Nc6 5. Nb3 a6 6. Bd3 Nf6 7. 0-0 Be7 8. Qe2 d6 9. Be3 Nb4 10. Nc3 Nxd3 11. Qxd3 0-0 12. Rfd1 b5 13. a4 b4 14. Ne2 a5 15. Ned4 Bb7 16. f3 d5 17. exd5 Nxd5 18. Bf2 Qc8 19. Qe2 Bf6 20. Ra2 Be7 21. Raa1 Rd8 22. Rac1 Bg5 23. Ra1 Be7 24. Bg3 Bd6 25. Bxd6 Rxd6 26. Qe5 Rd8 27. Rac1 1/2-1/2

[Event "POR-ch U16"]
[Site "Luso"]
[Date "2015.07.23"]
[Round "2"]
[White "Goncalves, Goncalo Cravo Jesus"]
[Black "Passeiro, Diogo Miguel V"]
[Result "0-1"]
[WhiteElo "1756"]
[BlackElo "1568"]
[PlyCount "114"]
[EventDate "2015.07.22"]
[EventType "swiss"]
[EventRounds "7"]
[EventCountry "POR"]
[SourceTitle "EXT 2018"]
[Source "ChessBase"]
[SourceDate "2017.10.13"]
[SourceVersion "1"]
[SourceVersionDate "2017.10.13"]
[SourceQuality "1"]

1. d4 Nf6 2. c4 c5 3. d5 b5 4. cxb5 a6 5. bxa6 Bxa6 6. Nc3 d6 7. Nf3 g6 8. e4 Bxf1 9. Kxf1 Bg7 10. g3 Nbd7 11. Kg2 0-0 12. a4 Ng4 13. Nd2 Nge5 14. Qe2 Nb8 15. Nc4 Ned7 16. Bd2 Na6 17. Nb5 Qb8 18. Rhb1 Nb6 19. Na5 h6 20. Nc6 Qb7 21. Ra3 Kh7 22. h4 Rfe8 23. h5 Nd7 24. hxg6+ fxg6 25. Qg4 Nf6 26. Qh4 h5 27. Bg5 Qd7 28. Rh1 Nb8 29. Nxb8 Raxb8 30. f3 Rh8 31. Rd3 Kg8 32. e5 dxe5 33. d6 Ne8 34. Bxe7 c4 35. Qxc4+ Kh7 36. g4 Rc8 37. Qb3 Bh6 38. Qf7+ Ng7 39. Nc3 Rhf8 40. Qd5 Rf7 41. Qxf7 Qb7 42. Qa2 Qa6 43. Qb1 Ne6 44. Nd5 Qxa4 45. gxh5 Rc2+ 46. Kf1 Qc4 47. hxg6+ Kxg6 48. Qd1 Rc1 49. Ke2 Nd4+ 50. Kf2 Rxd1 51. Rdxd1 Qxd5 52. Rdg1+ Kh7 53. Rg3 Nf5 54. Rgh3 Qd2+ 55. Kg1 Qe1+ 56. Kg2 Ne3+ 57. Kh2 Qf2# 0-1

[Event "Lisbon Christmas op"]
[Site "Lisbon"]
[Date "2014.12.28"]
[Round "4"]
[White "Burg, Henk"]
[Black "Passeiro, Diogo Miguel V"]
[Result "1-0"]
[WhiteElo "1801"]
[BlackElo "1554"]
[PlyCount "75"]
[EventDate "2014.12.26"]
[EventType "swiss"]
[EventRounds "9"]
[EventCountry "POR"]
[SourceTitle "EXT 2018"]
[Source "ChessBase"]
[SourceDate "2017.10.13"]
[SourceVersion "1"]
[SourceVersionDate "2017.10.13"]
[SourceQuality "1"]

1. e4 c5 2. Nf3 e6 3. d4 cxd4 4. Nxd4 Nc6 5. Nc3 d6 6. Be2 Nf6 7. 0-0 Be7 8. Be3 0-0 9. Qd2 a6 10. f4 Qc7 11. Bf3 Nxd4 12. Bxd4 e5 13. Be3 exf4 14. Bxf4 Qb6+ 15. Be3 Qc7 16. Rad1 Rb8 17. Ba7 Ra8 18. Bd4 Rd8 19. Qf2 Re8 20. Bb6 Qd7 21. e5 h6 22. exf6 Bxf6 23. Bd4 Qf5 24. Bxf6 Qxf6 25. Nd5 Qd8 26. Nb6 Rb8 27. Nxc8 Qxc8 28. Rxd6 Re7 29. Rfd1 Qf5 30. Qd2 Ree8 31. Rd7 Qb5 32. b3 b6 33. c4 Qe5 34. Rd5 Qe6 35. h3 Qg6 36. Rf1 Qe6 37. Bg4 Qg6 38. Bh5 1-0

[Event "Lisbon Christmas op"]
[Site "Lisbon"]
[Date "2014.12.27"]
[Round "3"]
[White "Pinho, Tiago"]
[Black "Passeiro, Diogo Miguel V"]
[Result "1/2-1/2"]
[WhiteElo "1873"]
[BlackElo "1554"]
[PlyCount "134"]
[EventDate "2014.12.26"]
[EventType "swiss"]
[EventRounds "9"]
[EventCountry "POR"]
[SourceTitle "EXT 2018"]
[Source "ChessBase"]
[SourceDate "2017.10.13"]
[SourceVersion "1"]
[SourceVersionDate "2017.10.13"]
[SourceQuality "1"]

1. c4 Nf6 2. Nc3 c5 3. e4 Nc6 4. g3 e6 5. Bg2 Be7 6. Nge2 d6 7. 0-0 0-0 8. d3 a6 9. h3 Qc7 10. d4 cxd4 11. Nxd4 Nxd4 12. Qxd4 Nd7 13. Rd1 Bf6 14. Qxd6 Qxc4 15. Be3 Bxc3 16. bxc3 Nf6 17. Bd4 Nd7 18. Rab1 Qxa2 19. e5 Rb8 20. Bb6 Ra8 21. Be3 Rb8 22. Rb4 Ra8 23. Bxb7 a5 24. Rb5 Qe2 25. Bxa8 Qxb5 26. Bc6 Qxe5 27. Bxd7 Qxd6 28. Rxd6 Rd8 29. Bb6 Rxd7 30. Rxd7 Bxd7 31. Bxa5 Kf8 32. Kf1 Ke7 33. Ke2 Kd6 34. Kd3 Kd5 35. c4+ Kc5 36. Bd8 Kd6 37. h4 Bc6 38. Ba5 Kc5 39. Bc3 f6 40. Bd4+ Kd6 41. Bb2 Kd7 42. Kd4 g6 43. Kc5 f5 44. Bf6 Bf3 45. Kd4 Bc6 46. Bg7 Bg2 47. Bh6 Bc6 48. Ke5 Bg2 49. Kf6 Bf1 50. c5 Bg2 51. Kg7 Bf3 52. Kxh7 Bh5 53. Kg7 Kc6 54. Be3 e5 55. Kf6 e4 56. Ke5 Bg4 57. Kd4 Bh5 58. Bh6 Bg4 59. Bf8 Bh5 60. Ke5 Bg4 61. Bd6 Bf3 62. Kf6 Bh5 63. Kg5 Kd7 64. Bf8 Kc6 65. Kf6 Kd7 66. Be7 Kc6 67. Ke6 Bg4 1/2-1/2

[Event "POR-ch U14"]
[Site "Luso"]
[Date "2014.07.24"]
[Round "3"]
[White "Dolores, Barbara Daniela Aze"]
[Black "Passeiro, Diogo Miguel V"]
[Result "0-1"]
[WhiteElo "1290"]
[BlackElo "1563"]
[PlyCount "106"]
[EventDate "2014.07.23"]
[EventType "swiss"]
[EventRounds "7"]
[EventCountry "POR"]
[SourceTitle "EXT 2015"]
[Source "ChessBase"]
[SourceDate "2014.11.20"]
[SourceVersion "1"]
[SourceVersionDate "2014.11.20"]
[SourceQuality "1"]

1. d4 Nf6 2. c4 c5 3. Nf3 d6 4. Bf4 g6 5. Nc3 cxd4 6. Nd5 Nxd5 7. cxd5 Qa5+ 8. Qd2 Qxd5 9. e3 Bg7 10. exd4 0-0 11. Be3 Qe6 12. Be2 Qd7 13. 0-0 b6 14. Rac1 Bb7 15. Rc2 Na6 16. Rfc1 Rac8 17. h3 Rxc2 18. Rxc2 Rc8 19. a3 Nc7 20. Bh6 Nd5 21. Rxc8+ Qxc8 22. Bxg7 Kxg7 23. Kh2 Ba6 24. Bxa6 Qxa6 25. Kg1 Qc4 26. Nh2 Nc7 27. Qc3 Qxc3 28. bxc3 Nb5 29. c4 Nxa3 30. c5 dxc5 31. dxc5 bxc5 32. Nf3 c4 33. Ne1 c3 34. Nd3 c2 35. Nc1 a5 36. Kf1 Kf6 37. Ke2 Ke5 38. Ke3 f5 39. f4+ Kd5 40. Kd3 Nc4 41. g3 e5 42. fxe5 Nxe5+ 43. Kxc2 Kc4 44. Nb3 a4 45. Nd2+ Kb4 46. Kb2 Nc4+ 47. Nxc4 Kxc4 48. Ka3 Kb5 49. Kb2 Kb4 50. Ka2 a3 51. Kb1 Kb3 52. Ka1 g5 53. Kb1 f4 0-1

[Event "POR-ch prel"]
[Site "Lisbon"]
[Date "2013.07.20"]
[Round "8.34"]
[White "Passeiro, Diogo Miguel V"]
[Black "Mouquinho, Jose Francisco B"]
[Result "1/2-1/2"]
[WhiteElo "1525"]
[BlackElo "1512"]
[PlyCount "92"]
[EventDate "2013.07.15"]
[EventType "swiss"]
[EventRounds "9"]
[EventCountry "POR"]
[SourceTitle "EXT 2015"]
[Source "ChessBase"]
[SourceDate "2014.11.20"]
[SourceVersion "1"]
[SourceVersionDate "2014.11.20"]
[SourceQuality "1"]

1. e4 e5 2. Nf3 d6 3. d4 exd4 4. Nxd4 Be7 5. Nc3 Nf6 6. Be3 Bd7 7. Bc4 Nc6 8. 0-0 Ne5 9. Be2 0-0 10. h3 Qc8 11. Kh2 h6 12. Rc1 c5 13. Ndb5 Bxb5 14. Bxb5 a6 15. Be2 Ng6 16. f4 Qc7 17. Nd5 Nxd5 18. Qxd5 b5 19. c4 b4 20. Bd2 a5 21. a3 Bf6 22. Rb1 Ne7 23. Qd3 Nc6 24. Bd1 Bd4 25. Bc2 g6 26. Kh1 f5 27. Qg3 Qg7 28. axb4 axb4 29. exf5 gxf5 30. Qxg7+ Kxg7 31. Rfe1 Ra2 32. Bc1 Kf6 33. Bb3 Na5 34. Bxa2 b3 35. Bxb3 Nxb3 36. Be3 Bxe3 37. Rxe3 Nd2 38. Rc1 Ne4 39. Kg1 Rb8 40. Rc2 Ra8 41. Rb3 Ra1+ 42. Kh2 h5 43. Ra3 Rf1 44. Rf3 Rb1 45. Rb3 h4 46. Ra3 Ng3 1/2-1/2

[Event "POR-ch prel"]
[Site "Lisbon"]
[Date "2013.07.17"]
[Round "4.26"]
[White "Fonte Santa, Jose Manuel Cardoso"]
[Black "Passeiro, Diogo Miguel V"]
[Result "1-0"]
[WhiteElo "1856"]
[BlackElo "1525"]
[PlyCount "53"]
[EventDate "2013.07.15"]
[EventType "swiss"]
[EventRounds "9"]
[EventCountry "POR"]
[SourceTitle "EXT 2015"]
[Source "ChessBase"]
[SourceDate "2014.11.20"]
[SourceVersion "1"]
[SourceVersionDate "2014.11.20"]
[SourceQuality "1"]

1. e4 c5 2. Nf3 e6 3. d4 cxd4 4. Nxd4 Nf6 5. Bd3 Nc6 6. Be3 Bc5 7. Nxc6 dxc6 8. Bxc5 Qa5+ 9. b4 Qc7 10. 0-0 b6 11. Be3 0-0 12. f4 e5 13. Nd2 Re8 14. Nc4 exf4 15. Bxf4 Qe7 16. Bg5 Qxb4 17. Bxf6 gxf6 18. Rxf6 b5 19. Qd2 Qe7 20. Qg5+ Kh8 21. Nd6 Rg8 22. Qh4 Rg7 23. Raf1 Be6 24. e5 Rag8 25. g3 Qc7 26. Rh6 f6 27. Qxf6 1-0